000 00936nam a2200253 a 4500
001 000017937
005 20260415174539.0
008 100407s2002 dr r 000 0 spa d
020 _a9993442127
040 _aDO-SdBNP
_bspa
_cBNPHU
082 _aRD868.44
_bI19p
245 0 0 _aIdeario de Pedro Henríquez Ureña /
_crecopilación, prefacio y notas Miguel Collado ; edición Andrés Blanco Díaz.
260 _aSanto Domingo :
_bEdiciones Ferilibro,
_c2002.
300 _a149 p. ;
_c13 cm.
500 _aIncluye índice temático.
504 _aIncluye referencias bibliográficas y notas al pie de las páginas.
590 _aInventariado, 2018/BT
600 1 0 _aHenríquez Ureña, Pedro,
_d1884-1946
_91718
650 0 _a
_912155
650 0 _aLiteratura dominicana.
_967
700 1 _aCollado, Miguel A.,
_d1954-
_ecomp.
_924696
700 1 _aBlanco Díaz, Andrés
_eed.
_9172
910 _aValidado. Control de calidad. MMOLINA
999 _c17461
_d17461